Statistics for All World Capitals together with one of 5 Closest Capitals: with a map

Click here to take the quiz!

General Stats

  • This quiz has been taken 129 times
  • The average score is 129 of 196

Answers on the Map

Answers color-coded by a green-red scale on the quiz's map according to % correct below.
 

Answer Stats

reciprocal for #closest for #5 closest capitalsis one of 5 closest capitals of…Capital% Correct
11Port-au-Prince, Havana, Ottawa, Kingston, NassauOttawaWashington
91%
11Washington, Santo Domingo, Port-au-Prince, Havana, NassauWashingtonOttawa
89%
58London, Amsterdam, Brussels, Bern, LuxembourgLondon, Lisbon, Amsterdam, Brussels, Dublin, Bern, Luxembourg, Andorra la VellaParis
89%
45Paris, Amsterdam, Brussels, Dublin, LuxembourgParis, Amsterdam, Brussels, Dublin, ReykjavíkLondon
87%
23Berlin, Stockholm, Copenhagen, Helsinki, TallinnStockholm, Copenhagen, ReykjavíkOslo
86%
55Copenhagen, Helsinki, Oslo, Riga, TallinnCopenhagen, Helsinki, Oslo, Riga, TallinnStockholm
86%
44Santiago, Brasília, Asunción, La Paz, MontevideoSantiago, Brasília, Asunción, MontevideoBuenos Aires
85%
33Bogotá, Santiago, Quito, La Paz, Panama CitySantiago, Quito, La PazLima
85%
22Paris, Madrid, Algiers, Rabat, Andorra la VellaMadrid, RabatLisbon
85%
44Algiers, Lisbon, Rabat, Monaco, Andorra la VellaAlgiers, Lisbon, Rabat, Andorra la VellaMadrid
85%
55Tokyo, Seoul, Taipei, Pyongyang, UlaanbaatarTokyo, Seoul, Taipei, Pyongyang, UlaanbaatarBeijing
84%
35Warsaw, Vienna, Copenhagen, Prague, BratislavaAmsterdam, Warsaw, Copenhagen, Prague, OsloBerlin
84%
44Buenos Aires, Asunción, La Paz, Montevideo, ParamariboBuenos Aires, Asunción, La Paz, MontevideoBrasília
84%
55Buenos Aires, Lima, Asunción, La Paz, MontevideoBuenos Aires, Lima, Asunción, La Paz, MontevideoSantiago
84%
55Tokyo, Beijing, Taipei, Pyongyang, UlaanbaatarTokyo, Beijing, Taipei, Pyongyang, UlaanbaatarSeoul
84%
33Seoul, Manila, Beijing, Taipei, PyongyangSeoul, Beijing, PyongyangTokyo
84%
23Caracas, Quito, San José, Panama City, KingstonLima, Quito, Panama CityBogotá
83%
34Berlin, Amsterdam, Stockholm, Prague, OsloBerlin, Stockholm, Oslo, ReykjavíkCopenhagen
83%
34Stockholm, Minsk, Riga, Vilnius, TallinnStockholm, Oslo, Riga, TallinnHelsinki
83%
44Buenos Aires, Santiago, Brasília, Asunción, La PazBuenos Aires, Santiago, Brasília, AsunciónMontevideo
83%
00Kiev, Minsk, Riga, Vilnius, Tallinn0Moscow
83%
44Damascus, Amman, Beirut, Jerusalem, NicosiaDamascus, Amman, Beirut, JerusalemCairo
82%
46Lima, Santiago, Brasília, Quito, AsunciónBuenos Aires, Lima, Santiago, Brasília, Asunción, MontevideoLa Paz
82%
00Guatemala City, San Salvador, Managua, Tegucigalpa, Belmopan0Mexico City
82%
47London, Paris, Berlin, Brussels, LuxembourgLondon, Paris, Brussels, Copenhagen, Dublin, Reykjavík, LuxembourgAmsterdam
81%
56Stockholm, Minsk, Helsinki, Vilnius, TallinnMoscow, Stockholm, Minsk, Helsinki, Vilnius, TallinnRiga
81%
36Zagreb, Ljubljana, Monaco, San Marino, Vatican CityTunis, Tripoli, Monaco, Valletta, San Marino, Vatican CityRome
81%
57Stockholm, Minsk, Helsinki, Riga, VilniusMoscow, Stockholm, Minsk, Helsinki, Oslo, Riga, VilniusTallinn
81%
56London, Paris, Amsterdam, Bern, LuxembourgLondon, Paris, Amsterdam, Dublin, Bern, LuxembourgBrussels
80%
12London, Paris, Amsterdam, Brussels, LuxembourgLondon, ReykjavíkDublin
80%
55Tokyo, Seoul, Beijing, Taipei, UlaanbaatarTokyo, Seoul, Beijing, Taipei, UlaanbaatarPyongyang
80%
34Algiers, Rome, Tripoli, Valletta, Vatican CityAlgiers, Rabat, Tripoli, VallettaTunis
80%
34Berlin, Minsk, Prague, Vilnius, BratislavaBerlin, Kiev, Minsk, VilniusWarsaw
80%
55Buenos Aires, Santiago, Brasília, La Paz, MontevideoBuenos Aires, Santiago, Brasília, La Paz, MontevideoAsunción
79%
35Port-au-Prince, Tegucigalpa, Kingston, Nassau, BelmopanWashington, Ottawa, Kingston, Nassau, BelmopanHavana
79%
56Delhi, Kabul, Tashkent, Bishkek, DushanbeDelhi, Kabul, Kathmandu, Tashkent, Bishkek, DushanbeIslamabad
79%
44Kuala Lumpur, Singapore, Phnom Penh, Dili, Bandar Seri BegawanKuala Lumpur, Singapore, Dili, Bandar Seri BegawanJakarta
79%
55Cairo, Damascus, Amman, Beirut, NicosiaCairo, Damascus, Amman, Beirut, NicosiaJerusalem
79%
33Madrid, Algiers, Lisbon, Tunis, Andorra la VellaMadrid, Algiers, LisbonRabat
79%
46Madrid, Tunis, Rabat, Monaco, Andorra la VellaMadrid, Lisbon, Tunis, Rabat, Tripoli, Andorra la VellaAlgiers
78%
13Damascus, Athens, Bucharest, Beirut, NicosiaYerevan, Tbilisi, NicosiaAnkara
78%
36Tehran, Kuwait City, Damascus, Amman, YerevanTehran, Riyadh, Kuwait City, Baku, Yerevan, TbilisiBaghdad
78%
56Paris, Brussels, Luxembourg, Monaco, VaduzParis, Brussels, Luxembourg, Monaco, Andorra la Vella, VaduzBern
78%
11Wellington, Port Moresby, Suva, Honiara, Port VilaWellingtonCanberra
78%
55Jakarta, Bangkok, Singapore, Phnom Penh, Bandar Seri BegawanJakarta, Bangkok, Singapore, Phnom Penh, Bandar Seri BegawanKuala Lumpur
78%
46Kabul, Kathmandu, Dushanbe, Islamabad, ThimphuDhaka, Kabul, Kathmandu, Islamabad, Male, ThimphuNew Delhi
78%
35Bogotá, Quito, San José, Managua, TegucigalpaLima, Bogotá, Quito, San José, KingstonPanama City
78%
34Lima, Bogotá, San José, Panama City, ManaguaLima, Bogotá, La Paz, Panama CityQuito
78%
33Seoul, Beijing, Pyongyang, Bishkek, AstanaSeoul, Beijing, PyongyangUlaanbaatar
78%
24Belgrade, Sofia, Chișinău, Pristina, SkopjeAnkara, Kiev, Sofia, ChișinăuBucharest
77%
34Warsaw, Bucharest, Minsk, Chișinău, VilniusMoscow, Minsk, Chișinău, VilniusKiev
77%
57Kiev, Warsaw, Riga, Vilnius, TallinnMoscow, Kiev, Warsaw, Helsinki, Riga, Vilnius, TallinnMinsk
77%
35Berlin, Budapest, Vienna, Bratislava, LjubljanaBerlin, Warsaw, Vienna, Copenhagen, BratislavaPrague
77%
56Budapest, Prague, Zagreb, Bratislava, LjubljanaBerlin, Budapest, Prague, Zagreb, Bratislava, LjubljanaVienna
77%
57Kiev, Warsaw, Minsk, Riga, TallinnMoscow, Kiev, Warsaw, Minsk, Helsinki, Riga, TallinnVilnius
77%
22Canberra, Suva, Apia, Port Vila, NukuʻalofaCanberra, NukuʻalofaWellington
77%
56Cairo, Damascus, Beirut, Jerusalem, NicosiaCairo, Baghdad, Damascus, Beirut, Jerusalem, NicosiaAmman
76%
57Budapest, Vienna, Prague, Zagreb, LjubljanaBerlin, Budapest, Warsaw, Vienna, Prague, Zagreb, LjubljanaBratislava
76%
46Dhaka, Bangkok, Phnom Penh, Naypyidaw, VientianeManila, Bangkok, Taipei, Phnom Penh, Naypyidaw, VientianeHanoi
76%
56Baghdad, Kuwait City, Baku, Yerevan, AshgabatBaghdad, Kuwait City, Baku, Yerevan, Tbilisi, AshgabatTehran
76%
22Algiers, Rome, Tunis, Valletta, Vatican CityTunis, VallettaTripoli
76%
57Kuala Lumpur, Hanoi, Phnom Penh, Naypyidaw, VientianeKuala Lumpur, Singapore, Colombo, Hanoi, Phnom Penh, Naypyidaw, VientianeBangkok
75%
46Bucharest, Belgrade, Pristina, Skopje, TiranaAthens, Bucharest, Chișinău, Pristina, Skopje, TiranaSofia
75%
00London, Amsterdam, Copenhagen, Dublin, Oslo0Reykjavík
74%
47Baghdad, Kuwait City, Doha, Manama, Abu DhabiKuwait City, Sana'a, Doha, Manama, Abu Dhabi, Muscat, AsmaraRiyadh
74%
44Kinshasa, Luanda, Yaoundé, Bangui, LibrevilleKinshasa, Luanda, Bangui, LibrevilleBrazzaville
73%
57Vienna, Belgrade, Zagreb, Bratislava, LjubljanaVienna, Prague, Belgrade, Zagreb, Chișinău, Bratislava, LjubljanaBudapest
73%
56San José, San Salvador, Managua, Tegucigalpa, BelmopanMexico City, San José, San Salvador, Managua, Tegucigalpa, BelmopanGuatemala City
73%
01Sofia, Pristina, Skopje, Tirana, PodgoricaAnkaraAthens
72%
34Delhi, Dhaka, Naypyidaw, Islamabad, ThimphuDelhi, Dhaka, Colombo, ThimphuKathmandu
72%
44Luanda, Yaoundé, Brazzaville, Bangui, LibrevilleLuanda, Brazzaville, Bangui, LibrevilleKinshasa
72%
36Caracas, Santo Domingo, Kingston, Nassau, BasseterreWashington, Santo Domingo, Havana, Ottawa, Kingston, NassauPort-au-Prince
72%
44Riyadh, Khartoum, Addis Ababa, Djibouti, AsmaraKhartoum, Addis Ababa, Djibouti, AsmaraSana'a
72%
44Riyadh, Kuwait City, Doha, Manama, MuscatRiyadh, Doha, Manama, MuscatAbu Dhabi
71%
56Khartoum, Sana'a, Djibouti, Asmara, JubaKhartoum, Sana'a, Mogadishu, Djibouti, Asmara, JubaAddis Ababa
71%
12Kabul, Tashkent, Ashgabat, Bishkek, DushanbeUlaanbaatar, BishkekAstana
71%
57Cairo, Amman, Beirut, Jerusalem, NicosiaCairo, Baghdad, Ankara, Amman, Beirut, Jerusalem, NicosiaDamascus
71%
47Delhi, Kathmandu, Naypyidaw, Vientiane, ThimphuColombo, Hanoi, Kathmandu, Naypyidaw, Vientiane, Male, ThimphuDhaka
71%
57Delhi, Tashkent, Bishkek, Dushanbe, IslamabadDelhi, Tashkent, Ashgabat, Bishkek, Dushanbe, Islamabad, AstanaKabul
71%
57Guatemala City, San Salvador, Panama City, Managua, TegucigalpaBogotá, Guatemala City, Quito, San Salvador, Panama City, Managua, TegucigalpaSan José
71%
44Belgrade, Zagreb, Pristina, Tirana, PodgoricaBelgrade, Zagreb, Tirana, PodgoricaSarajevo
71%
44Jakarta, Bangkok, Kuala Lumpur, Phnom Penh, Bandar Seri BegawanJakarta, Kuala Lumpur, Phnom Penh, Bandar Seri BegawanSingapore
71%
46Seoul, Manila, Beijing, Hanoi, PyongyangTokyo, Seoul, Manila, Beijing, Pyongyang, MelekeokTaipei
71%
36Rome, Zagreb, Ljubljana, Monaco, San MarinoRome, Tunis, Tripoli, Monaco, Valletta, San MarinoVatican City
71%
58Budapest, Vienna, Sarajevo, Bratislava, LjubljanaRome, Budapest, Vienna, Sarajevo, Bratislava, Ljubljana, San Marino, Vatican CityZagreb
71%
58Budapest, Sarajevo, Pristina, Skopje, PodgoricaBudapest, Bucharest, Sofia, Sarajevo, Chișinău, Pristina, Skopje, PodgoricaBelgrade
70%
44Addis Ababa, Sana'a, Djibouti, Asmara, JubaAddis Ababa, Sana'a, Djibouti, AsmaraKhartoum
70%
35Taipei, Hanoi, Phnom Penh, Bandar Seri Begawan, MelekeokTokyo, Taipei, Dili, Bandar Seri Begawan, MelekeokManila
70%
58Kampala, Kigali, Bujumbura, Juba, DodomaKampala, Mogadishu, Kigali, Bujumbura, Juba, Dodoma, Moroni, VictoriaNairobi
70%
58Bangkok, Kuala Lumpur, Singapore, Hanoi, VientianeJakarta, Manila, Bangkok, Kuala Lumpur, Singapore, Hanoi, Vientiane, Bandar Seri BegawanPhnom Penh
70%
55Riyadh, Kuwait City, Manama, Abu Dhabi, MuscatRiyadh, Kuwait City, Manama, Abu Dhabi, MuscatDoha
69%
58Guatemala City, San José, San Salvador, Tegucigalpa, BelmopanMexico City, Guatemala City, Quito, San José, San Salvador, Panama City, Tegucigalpa, BelmopanManagua
69%
34Riyadh, Kuwait City, Doha, Manama, Abu DhabiDoha, Manama, Abu Dhabi, MaleMuscat
69%
56Guatemala City, San José, Managua, Tegucigalpa, BelmopanMexico City, Guatemala City, San José, Managua, Tegucigalpa, BelmopanSan Salvador
69%
11Johannesburg, Lusaka, Gaborone, Maseru, MbabaneMaseruWindhoek
69%
44Tehran, Baghdad, Yerevan, Tbilisi, AshgabatTehran, Yerevan, Tbilisi, AshgabatBaku
68%
55Conakry, Nouakchott, Bissau, Praia, BanjulConakry, Nouakchott, Bissau, Praia, BanjulDakar
68%
46Santo Domingo, Port-au-Prince, Havana, Panama City, NassauBogotá, Washington, Santo Domingo, Port-au-Prince, Havana, NassauKingston
68%
22Nairobi, Addis Ababa, Djibouti, Dodoma, VictoriaDjibouti, VictoriaMogadishu
68%
46Harare, Maputo, Gaborone, Maseru, MbabaneLusaka, Maputo, Windhoek, Gaborone, Maseru, MbabanePretoria
68%
24Caracas, Port-au-Prince, Kingston, Saint John's, BasseterrePort-au-Prince, Ottawa, Kingston, NassauSanto Domingo
68%
56Yaoundé, Niamey, Lomé, Porto-Novo, MalaboYaoundé, Niamey, Lomé, N'Djamena, Porto-Novo, MalaboAbuja
67%
56Cairo, Damascus, Amman, Jerusalem, NicosiaCairo, Ankara, Damascus, Amman, Jerusalem, NicosiaBeirut
67%
11Paramaribo, Bridgetown, Port-of-Spain, Kingstown, Saint George'sParamariboGeorgetown
67%
57Sofia, Sarajevo, Pristina, Skopje, PodgoricaAthens, Sofia, Sarajevo, Pristina, Skopje, Podgorica, VallettaTirana
67%
22Kiev, Budapest, Bucharest, Belgrade, SofiaKiev, BucharestChișinău
66%
55Nairobi, Kigali, Bujumbura, Juba, DodomaNairobi, Kigali, Bujumbura, Juba, DodomaKampala
66%
12Georgetown, Bridgetown, Port-of-Spain, Kingstown, Saint George'sBrasília, GeorgetownParamaribo
66%
45Dili, Honiara, Yaren, Palikir, MelekeokCanberra, Dili, Honiara, Palikir, MelekeokPort Moresby
66%
56Kabul, Ashgabat, Bishkek, Dushanbe, IslamabadKabul, Ashgabat, Bishkek, Dushanbe, Islamabad, AstanaTashkent
66%
22Tehran, Baghdad, Ankara, Baku, YerevanBaku, YerevanTbilisi
66%
58Guatemala City, San José, San Salvador, Managua, BelmopanMexico City, Guatemala City, Havana, San José, San Salvador, Panama City, Managua, BelmopanTegucigalpa
66%
56Dhaka, Bangkok, Hanoi, Phnom Penh, NaypyidawDhaka, Bangkok, Hanoi, Phnom Penh, Naypyidaw, ThimphuVientiane
66%
44Tehran, Baghdad, Ankara, Baku, TbilisiTehran, Baghdad, Baku, TbilisiYerevan
66%
33Jakarta, Manila, Port Moresby, Bandar Seri Begawan, MelekeokJakarta, Port Moresby, MelekeokDili
65%
55Khartoum, Addis Ababa, Sana'a, Mogadishu, AsmaraKhartoum, Addis Ababa, Sana'a, Mogadishu, AsmaraDjibouti
65%
59Budapest, Vienna, Zagreb, Bratislava, San MarinoRome, Budapest, Vienna, Prague, Zagreb, Bratislava, Vaduz, San Marino, Vatican CityLjubljana
65%
44Delhi, Dhaka, Kathmandu, Naypyidaw, VientianeDelhi, Dhaka, Kathmandu, NaypyidawThimphu
65%
57Nairobi, Kampala, Lilongwe, Kigali, BujumburaNairobi, Kampala, Mogadishu, Lilongwe, Kigali, Bujumbura, MoroniDodoma
64%
22Kinshasa, Yaoundé, Brazzaville, Libreville, São ToméKinshasa, BrazzavilleLuanda
64%
56Belgrade, Sarajevo, Pristina, Skopje, TiranaAthens, Belgrade, Sarajevo, Pristina, Skopje, TiranaPodgorica
64%
58Belgrade, Sofia, Skopje, Tirana, PodgoricaAthens, Bucharest, Belgrade, Sofia, Sarajevo, Skopje, Tirana, PodgoricaPristina
64%
56Kabul, Tashkent, Dushanbe, Islamabad, AstanaKabul, Tashkent, Ulaanbaatar, Dushanbe, Islamabad, AstanaBishkek
63%
58Lusaka, Maputo, Lilongwe, Gaborone, MbabaneJohannesburg, Lusaka, Antananarivo, Maputo, Lilongwe, Gaborone, Mbabane, MoroniHarare
63%
35Santo Domingo, Port-au-Prince, Havana, Kingston, BelmopanWashington, Port-au-Prince, Havana, Ottawa, KingstonNassau
63%
33Ljubljana, Bern, Luxembourg, Monaco, San MarinoBern, Luxembourg, MonacoVaduz
63%
57Guatemala City, Havana, San Salvador, Managua, TegucigalpaMexico City, Guatemala City, Havana, San Salvador, Managua, Tegucigalpa, NassauBelmopan
62%
45Rome, Zagreb, Ljubljana, Monaco, Vatican CityRome, Ljubljana, Monaco, Vaduz, Vatican CitySan Marino
62%
57Belgrade, Sofia, Pristina, Tirana, PodgoricaAthens, Bucharest, Belgrade, Sofia, Pristina, Tirana, PodgoricaSkopje
62%
23Harare, Maputo, Lilongwe, Port Louis, MoroniPort Louis, Moroni, VictoriaAntananarivo
61%
45Tehran, Kabul, Tashkent, Baku, DushanbeTehran, Tashkent, Baku, Dushanbe, AstanaAshgabat
61%
44Riyadh, Khartoum, Addis Ababa, Sana'a, DjiboutiKhartoum, Addis Ababa, Sana'a, DjiboutiAsmara
61%
03Port-of-Spain, Kingstown, Castries, Roseau, Saint George'sBogotá, Santo Domingo, Port-au-PrinceCaracas
61%
57Kabul, Tashkent, Ashgabat, Bishkek, IslamabadDelhi, Kabul, Tashkent, Ashgabat, Bishkek, Islamabad, AstanaDushanbe
61%
56Ankara, Damascus, Amman, Beirut, JerusalemCairo, Ankara, Damascus, Amman, Beirut, JerusalemNicosia
61%
57Dakar, Conakry, Freetown, Nouakchott, BanjulDakar, Conakry, Freetown, Monrovia, Nouakchott, Praia, BanjulBissau
60%
56Nairobi, Addis Ababa, Kampala, Kigali, BujumburaKhartoum, Nairobi, Addis Ababa, Kampala, Kigali, BujumburaJuba
60%
57Tehran, Baghdad, Riyadh, Doha, ManamaTehran, Baghdad, Riyadh, Doha, Manama, Abu Dhabi, MuscatKuwait City
60%
57Accra, Abuja, Ouagadougou, Porto-Novo, YamoussoukroAccra, Abuja, Ouagadougou, Niamey, Porto-Novo, Yamoussoukro, São ToméLomé
60%
57Dhaka, Bangkok, Hanoi, Vientiane, ThimphuDhaka, Bangkok, Colombo, Hanoi, Kathmandu, Vientiane, ThimphuNaypyidaw
60%
45Accra, Abuja, Ouagadougou, Lomé, Porto-NovoAccra, Abuja, Ouagadougou, N'Djamena, Porto-NovoNiamey
60%
59Abuja, Bangui, Libreville, Malabo, São ToméKinshasa, Luanda, Abuja, Brazzaville, Bangui, N'Djamena, Libreville, Malabo, São ToméYaoundé
60%
55Ouagadougou, Niamey, Lomé, Porto-Novo, YamoussoukroOuagadougou, Niamey, Lomé, Porto-Novo, YamoussoukroAccra
59%
44Bamako, Conakry, Freetown, Bissau, YamoussoukroBamako, Conakry, Freetown, YamoussoukroMonrovia
59%
58Dakar, Freetown, Monrovia, Bissau, BanjulDakar, Bamako, Freetown, Monrovia, Nouakchott, Bissau, Praia, BanjulConakry
58%
23Johannesburg, Harare, Lilongwe, Gaborone, MbabaneHarare, Lilongwe, WindhoekLusaka
58%
11Abuja, Yaoundé, Niamey, Bangui, MalaboBanguiN'Djamena
58%
55Accra, Bamako, Niamey, Lomé, YamoussoukroAccra, Bamako, Niamey, Lomé, YamoussoukroOuagadougou
58%
44Conakry, Ouagadougou, Freetown, Monrovia, YamoussoukroOuagadougou, Freetown, Monrovia, YamoussoukroBamako
57%
56Kinshasa, Yaoundé, Brazzaville, Malabo, São ToméKinshasa, Luanda, Yaoundé, Brazzaville, Malabo, São ToméLibreville
57%
24Paris, Madrid, Algiers, Bern, MonacoMadrid, Algiers, Lisbon, RabatAndorra la Vella
56%
57Paris, Amsterdam, Brussels, Bern, VaduzLondon, Paris, Amsterdam, Brussels, Dublin, Bern, VaduzLuxembourg
56%
57Johannesburg, Harare, Gaborone, Maseru, MbabaneJohannesburg, Harare, Antananarivo, Gaborone, Port Louis, Maseru, MbabaneMaputo
56%
22Rome, Tunis, Tripoli, Tirana, Vatican CityTunis, TripoliValletta
56%
55Nairobi, Kampala, Bujumbura, Juba, DodomaNairobi, Kampala, Bujumbura, Juba, DodomaKigali
55%
11Delhi, Dhaka, Colombo, Muscat, VictoriaColomboMale
55%
55Riyadh, Kuwait City, Doha, Abu Dhabi, MuscatRiyadh, Kuwait City, Doha, Abu Dhabi, MuscatManama
55%
55Johannesburg, Maputo, Windhoek, Gaborone, MbabaneJohannesburg, Maputo, Windhoek, Gaborone, MbabaneMaseru
55%
55Bamako, Conakry, Monrovia, Bissau, BanjulBamako, Conakry, Monrovia, Bissau, BanjulFreetown
54%
57Johannesburg, Harare, Maputo, Maseru, MbabaneJohannesburg, Harare, Lusaka, Maputo, Windhoek, Maseru, MbabaneGaborone
54%
57Johannesburg, Harare, Maputo, Gaborone, MaseruJohannesburg, Harare, Lusaka, Maputo, Windhoek, Gaborone, MaseruMbabane
54%
56Accra, Abuja, Niamey, Lomé, MalaboAccra, Abuja, Niamey, Lomé, Malabo, São ToméPorto-Novo
54%
55Accra, Bamako, Ouagadougou, Monrovia, LoméAccra, Bamako, Ouagadougou, Monrovia, LoméYamoussoukro
54%
44Kinshasa, Yaoundé, Brazzaville, N'Djamena, MalaboKinshasa, Yaoundé, Brazzaville, N'DjamenaBangui
53%
44Dakar, Conakry, Bissau, Praia, BanjulDakar, Bissau, Praia, BanjulNouakchott
53%
22Antananarivo, Maputo, Lilongwe, Moroni, VictoriaAntananarivo, VictoriaPort Louis
52%
34Yaoundé, Lomé, Libreville, Porto-Novo, MalaboLuanda, Yaoundé, Libreville, MalaboSão Tomé
51%
56Nairobi, Kampala, Kigali, Juba, DodomaNairobi, Kampala, Lilongwe, Kigali, Juba, DodomaBujumbura
49%
46Harare, Lusaka, Bujumbura, Dodoma, MoroniHarare, Lusaka, Antananarivo, Dodoma, Port Louis, MoroniLilongwe
49%
23Nairobi, Antananarivo, Mogadishu, Port Louis, MoroniMogadishu, Port Louis, MaleVictoria
49%
34Suva, Tarawa, Port Vila, Nukuʻalofa, FunafutiWellington, Suva, Nukuʻalofa, FunafutiApia
48%
57Abuja, Yaoundé, Libreville, Porto-Novo, São ToméAbuja, Yaoundé, Bangui, N'Djamena, Libreville, Porto-Novo, São ToméMalabo
48%
22Dakar, Conakry, Nouakchott, Bissau, BanjulDakar, NouakchottPraia
48%
46Honiara, Apia, Port Vila, Nukuʻalofa, FunafutiWellington, Canberra, Apia, Port Vila, Nukuʻalofa, FunafutiSuva
48%
11Dhaka, Bangkok, Kathmandu, Naypyidaw, MaleMaleColombo
47%
56Honiara, Majuro, Funafuti, Yaren, PalikirHoniara, Apia, Majuro, Funafuti, Yaren, PalikirTarawa
46%
46Jakarta, Manila, Kuala Lumpur, Singapore, Phnom PenhJakarta, Manila, Kuala Lumpur, Singapore, Dili, MelekeokBandar Seri Begawan
45%
56Dakar, Conakry, Freetown, Nouakchott, BissauDakar, Conakry, Freetown, Nouakchott, Bissau, PraiaBanjul
45%
47Suva, Honiara, Nukuʻalofa, Funafuti, YarenWellington, Canberra, Suva, Honiara, Apia, Nukuʻalofa, FunafutiPort Vila
45%
55Port Moresby, Honiara, Tarawa, Majuro, YarenPort Moresby, Honiara, Tarawa, Majuro, YarenPalikir
44%
24Nairobi, Harare, Antananarivo, Lilongwe, DodomaAntananarivo, Lilongwe, Port Louis, VictoriaMoroni
43%
58Port Moresby, Tarawa, Port Vila, Yaren, PalikirCanberra, Port Moresby, Suva, Tarawa, Port Vila, Majuro, Yaren, PalikirHoniara
42%
46Honiara, Tarawa, Majuro, Funafuti, PalikirPort Moresby, Honiara, Tarawa, Port Vila, Majuro, PalikirYaren
41%
55Wellington, Suva, Apia, Port Vila, FunafutiWellington, Suva, Apia, Port Vila, FunafutiNukuʻalofa
40%
57Suva, Apia, Tarawa, Port Vila, NukuʻalofaSuva, Apia, Tarawa, Port Vila, Majuro, Nukuʻalofa, YarenFunafuti
39%
33Honiara, Tarawa, Funafuti, Yaren, PalikirTarawa, Yaren, PalikirMajuro
39%
58Rome, Bern, Vaduz, San Marino, Vatican CityMadrid, Algiers, Rome, Bern, Andorra la Vella, Vaduz, San Marino, Vatican CityMonaco
38%
58Bridgetown, Kingstown, Saint John's, Castries, BasseterreCaracas, Bridgetown, Port-of-Spain, Kingstown, Saint John's, Castries, Basseterre, Saint George'sRoseau
37%
47Bridgetown, Port-of-Spain, Kingstown, Castries, RoseauCaracas, Georgetown, Paramaribo, Bridgetown, Port-of-Spain, Kingstown, CastriesSaint George's
37%
34Bridgetown, Kingstown, Castries, Roseau, BasseterreSanto Domingo, Castries, Roseau, BasseterreSaint John's
37%
24Bridgetown, Kingstown, Saint John's, Castries, RoseauSanto Domingo, Port-au-Prince, Saint John's, RoseauBasseterre
36%
58Bridgetown, Kingstown, Saint John's, Roseau, Saint George'sCaracas, Bridgetown, Port-of-Spain, Kingstown, Saint John's, Roseau, Basseterre, Saint George'sCastries
36%
33Manila, Taipei, Port Moresby, Dili, Bandar Seri BegawanManila, Port Moresby, DiliMelekeok
36%
59Port-of-Spain, Kingstown, Castries, Roseau, Saint George'sGeorgetown, Paramaribo, Port-of-Spain, Kingstown, Saint John's, Castries, Roseau, Basseterre, Saint George'sBridgetown
35%
510Bridgetown, Port-of-Spain, Castries, Roseau, Saint George'sCaracas, Georgetown, Paramaribo, Bridgetown, Port-of-Spain, Saint John's, Castries, Roseau, Basseterre, Saint George'sKingstown
35%
36Bridgetown, Kingstown, Castries, Roseau, Saint George'sCaracas, Georgetown, Paramaribo, Bridgetown, Kingstown, Saint George'sPort-of-Spain
35%

Score Distribution

Percentile by Number Answered

Percent of People with Each Score

Your Score History

You have not taken this quiz